Kpop Groups by Company - Statistics

General Stats
  • This quiz has been taken 831 times
    827 since last reset
  • The average score is 20 of 36
Answer Stats
Year Answer % Correct
2013 BTS
97%
2016 Blackpink
95%
2015 Twice
90%
2019 Tomorrow X Together
88%
2018 Stray Kids
87%
2020 aespa
83%
2019 ITZY
82%
2006 Big Bang
81%
2018 (G)I-dle
79%
2016 NCT
78%
2014 Red Velvet
77%
2012 EXO
75%
2020 Enhypen
73%
2020 Treasure
72%
2007 Girls' Generation
71%
2014 GOT7
66%
2015 SEVENTEEN
66%
2008 SHINee
64%
2005 Super Junior
61%
2015 iKON
59%
2015 Monsta X
54%
2014 Winner
52%
2016 Pentagon
48%
2015 Day6
47%
2015 Gfriend
44%
2003 TVXQ
41%
2012 BTOB
36%
2015 CLC
34%
2020 Cravity
29%
2012 NU'EST
26%
1998 Shinhwa
25%
2016 Cosmic Girls
17%
1998 Fly to the Sky
3%
2018 A Train to Autumn
2%
2017 Duetto
1%
2016 OffOnOff
1%
No matching quizzes found
Score Distribution
Percent of People with Each Score
Percentile by Number Answered
Your Score History
You have not taken this quiz since the last reset